00588nam a2200133 a 450000100100000000500170001000800410002704000250006810000310009324500820012426000680020630000170027450001630029100002835020200930031549.0110408s1947 dr 000 0 spa d aDO-SdBNPbspacBNPHU1 aPrats Ramírez, Francisco10aSan Martín :bejemplar ciudadano de América /cFrancisco Prats Ramírez. aCiudad Trujillo, República Dominicana :bPol Hermanos,c1947. a20 p. ;ccm. aDiscurso pronunciado en la solemne sesión conjunta celebrada por el Senado y al aCámara de diputados con motivo del Día Panamericano 14 de abril de 1947